حديث عن الثقافة : (Record no. 7511)
[ view plain ]
| 000 -الفاتح | |
|---|---|
| حقل البيانات ثابتة الطول | 00867nac a22001691u 4500 |
| 008 - عناصر البيانات ثابتة الطول - معلومات عامة | |
| حقل البيانات ثابتة الطول | 080921s1970 xxu||||| |||| 00| 0 ara d |
| 082 ## - رقم تصنيف ديوى العشرى | |
| رقم التصنيف | 301.20962 |
| رقم المادة | ع و ي |
| 100 1# - المدخل الرئيسى - إسم شخصى | |
| الإسم الشخصى | عويس ، سيد |
| 9 (RLIN) | 514 |
| 245 ## - بيان العنوان | |
| العنوان | حديث عن الثقافة : |
| بقية العنوان | بعض الحقائق الثقافية المصرية المعاصرة / |
| بيان المسئوليه,etc | تأليف سيد عويس |
| 260 ## - PUBLICATION, DISTRIBUTION, ETC. (IMPRINT) | |
| مكان الناشر او الموزع | القاهرة : |
| اسم الناشر او الموزع | مكتبة الأنجلو المصرية ،1970 |
| تاريخ النشر أو التوزيع | 1970. |
| 300 ## - الوصف المادى | |
| التعداد | 308 ص ؛ |
| أبعاد الوعاء | 24 سم. |
| 504 ## - تبصرة ببليوجرافية | |
| تبصرة ببليوجرافية,الخ | يشتمل على إرجاعات ببليوجرافية ص 304-307 |
| 511 ## - | |
| -- | Catalogued by: Sara |
| 650 ## - المدخل الاضافى بالموضوع-مصطلح موضوعى | |
| مصطلح موضوعي أو اسم جغرافي كعنصر مدخل | الثقافة العربية |
| 9 (RLIN) | 21553 |
| التقسيم الفرعي الجغرافي | مصر |
| 942 ## - عناصر المدخل الإضافي( كوها) | |
| Koha [default] item type | Book - Borrowing |
| سابقة رقم الطلب | 301.20962 ع و ي |
| مصدر التصنيف او مخطط الترفيف | Dewey Decimal Classification |
| حالة التراجع | حالة الفقد | مصدر التصنيف او خطة الترفيف | حالة تلف | ليس للاعارة | مجموعات كوها | المكان الدائم | المكان الحالي | موقع الترفيف | تاريخ الاكتساب | Source of acquisition | رقم الاستدعاء | الباركود | Date last seen | نوع الوعاء |
|---|---|---|---|---|---|---|---|---|---|---|---|---|---|---|
| Dewey Decimal Classification | Alef-Baa | Central Library | Central Library | First floor | 27/01/2008 | 301.20962 ع و ي | 000008197 | 15/07/2025 | Book - Borrowing |